000 01419cam a2200301 i 4500
001 17925190
005 20150127102830.0
008 131031s2013 ii a b 001 0 eng
010 _a 2013431383
020 _a9789350906224 (paperback)
040 _aDLC
_beng
_cDLC
_erda
_dDLC
042 _apcc
050 0 0 _aQH 323.2
_b.R37 2013
082 0 0 _a610.28/4
100 1 _aRashid, Najat.
245 1 0 _aManual of laboratory safety :
_bchemical, radioactive, and biosafety with biocides /
_cNajat Rashid, MSc, PhD (UK), director, Federal Medical Laboratories, consultant, Clinical and Molecular Biochemist, Ministry of Health, United Arab Emirates, Ramnik Sood, MD (Path, Gold Medalist), consultant, Reem Medical and Diagnostic Center, Healthcare Mena Limited, Sharjah, United Arab Emirates ; foreword, Mansour Al-Zarouni.
250 _a1st ed.
260 _aNew Delhi :
_bJaypee Brothers Medical Publishers (P) LTD,
_cc2013.
300 _axii, 162 pages :
_billustrations (some color) ;
_c24 cm.
504 _aIncludes bibliographical references (pages 153-155) and index.
650 0 _aBiological laboratories
_xSafety measures.
650 0 _aMedical laboratories
_xSafety measures.
650 0 _aLaboratories
_xSafety measures.
700 1 _aSood, Ramnik.
906 _a7
_bcbc
_corignew
_d2
_encip
_f20
_gy-gencatlg
942 _2lcc
_cBK
999 _c278737
_d278737